000 02184nam0a2200397 4500
001 RU\NLR\bibl\969436
005 20250614210836.0
021 _aRU
_b2006-32519
_91626
035 _a(nilc)RSL-KNO-002893157
035 _a(NLR Aleph) 000957403
090 _a317894
_c317894
100 _a20060530d2005 |||y0rusy50 ca
101 0 _arus
102 _aRU
105 _aa |||||||||
106 _ar
200 1 _aУправление качеством
_eучебное пособие
_e[для студентов, обучающихся по специальности "Менеджмент организации"]
_fА.А. Горохов, А.Г. Чудновский, С.Н. Чудновская
_gРос. Федерация, М-во образования и науки, Тюм. гос. ун-т, Ин-т дистанц. образования, Междунар. ин-т финансов, упр. и бизнеса
210 _aТюмень
_cИзд-во Тюменского госуниверситета
_d2005
_eТюмень
_gИзд-во ТГУ
215 _a202 с.
_cил., табл.
_d20
320 _aБиблиогр.: с. 199-202
606 1 _aКачество продукции
_jУчебные издания для высших учебных заведений
_xУправление
_91474335
_3RU\NLR\auth\66317705
610 0 _aЭкономика -- Российская Федерация -- Промышленность -- Предприятие -- Продукция -- Качество -- Управление -- Учебное пособие для высшей школы
686 _aУ9(2)301-823.2-21я73-1
_2rubbk
686 _aУ010.01я73
686 _aУ5-823.2-21я73
700 1 _aГорохов
_bА. А.
_gАлексей Александрович
_4070
701 1 _aЧудновский
_bА. Г.
_gАлексей Григорьевич
_4070
701 1 _aЧудновская
_bС. Н.
_gСветлана Николаевна
_4070
801 0 _aRU
_bРКП
_c20060530
801 1 _aRU
_bРГБ
_c20060530
801 2 _aRU
_bNLR
_c20060721
_grcr
830 _aАвт. по кн.
942 _cBOOK
980 _aNB
980 _aNBR